000 00386nam a2200145Ia 4500
008 231129s2010||||xx |||||||||||||| ||spa||
020 _a978-968-18-5956-5
040 _bspa
082 _a658.4036 S849tr
100 _aStewart Greg L.
245 0 _aTrabajo en equipos y dinĂ¡mica de grupos
260 _c2010
264 _aLimusa
942 _2ddc
_cBKS
999 _c25535
_d25535